Increasing the interaction between starch and the rubber matrix by coupling agent addition (Record no. 61018)

MARC details
000 -LEADER
fixed length control field 00514nam a2200193Ia 4500
100 ## - MAIN ENTRY--AUTHOR NAME
Personal name Mazlina M K
245 #0 - TITLE STATEMENT
Title Increasing the interaction between starch and the rubber matrix by coupling agent addition
260 ## - PUBLICATION, DISTRIBUTION, ETC. (IMPRINT)
Name of publisher Journal of Rubber Research
Year of publication 2010
300 ## - PHYSICAL DESCRIPTION
Number of Pages 139-161
520 ## - SUMMARY, ETC.
Summary, etc DL
650 ## - SUBJECT ADDED ENTRY--TOPICAL TERM
Topical Term Adhesion
650 ## - SUBJECT ADDED ENTRY--TOPICAL TERM
Topical Term Coupling agents
650 ## - SUBJECT ADDED ENTRY--TOPICAL TERM
Topical Term Starch
650 ## - SUBJECT ADDED ENTRY--TOPICAL TERM
Topical Term Stiffness
700 ## - ADDED ENTRY--PERSONAL NAME
Personal name Clarke Jane
700 ## - ADDED ENTRY--PERSONAL NAME
Personal name Ibrahim I
942 ## - ADDED ENTRY ELEMENTS (KOHA)
Koha item type Journals
Holdings
Withdrawn status Lost status Damaged status Not for loan Home library Current library Shelving location Date acquired Serial Enumeration / chronology Koha item type
      Journals RRII Library RRII Library Rubber technology 12/01/2011 Volume 13, Issue 3 Journals